00997cam a22002531a 450000100060000000300080000600500170001400800410003103500190007203500180009104000450010904100080015408200180016210000530018024500710023325000120030426000590031630000250037550401360040065000320053694200120056899900170058095201460059728849BD-RjUL20211209051334.0140401s1939 nyu b 001 0 eng d a(BD-RjUL)28933 a(OCoLC)498177 aDLCcOYUdOCoLCdPPiUdDLCdBD-RjULbeng aeng00a190bBUI 19391 aBurgess, Joseph B.q(Joseph Bell),d1902-98821610aIntroduction to the history of philosophy /cby Joseph B. Burgess. a1st ed. aNew York ;aLondon :bMcGraw-Hill Book Company,c1939. axi, 628 p. ;c24 cm. a"Parallel readings" at end of each chapter. "Reference title": p. 615-617. "Glossary of philosophical terms": p. 619-624. and Index 0aPhilosophyxHistory.988217 2ddccBK c28849d28849 00102ddc40728NFICaRUCLbRUCLcReadingd1959-07-25eNew York Mcgrow Hillg5.85l0o190 BUI 1939r2014-04-01 00:00:00tC-1w2014-04-01yBK